000 00340nam a2200145Ia 4500
008 230917s9999||||xx |||||||||||||| ||und||
020 _cRS350
040 _e17551
_aMAIN
041 _aEnglish
082 _a519.5 C361B
100 _aChandan, J S
245 0 _aBusiness statistics
260 _aNoida
_bVikas Publishing
_c2009
942 _cBK
999 _c90235
_d90235